Θεϊκά λόγια
Αποθηκεύτηκε σε:
| Κύριος συγγραφέας: | |
|---|---|
| Άλλοι συγγραφείς: | |
| Μορφή: | Βιβλίο |
| Γλώσσα: | Greek Spanish |
| Δημοσίευση: |
Αθήνα :
Δωδώνη,
[19--].
|
| Σειρά: | Παγκόσμιο θέατρο (Εκδόσεις Δωδώνη)
13 |
| Θέματα: | |
| Ετικέτες: |
Προσθήκη ετικέτας
Δεν υπάρχουν, Καταχωρήστε ετικέτα πρώτοι!
|
MARC
| LEADER | 00000cam a2200000 i 4500 | ||
|---|---|---|---|
| 001 | 1/17301 | ||
| 008 | 120112q19uu gr | ||| |||| ||gre|| | ||
| 035 | |l 10111660 | ||
| 040 | |a GR-MyUA |b gre |e AACR2 | ||
| 041 | 1 | |a gre |h spa | |
| 082 | 0 | |a 862 |2 (22) | |
| 100 | 1 | |a Valle-Inclan, Ramon del, |d 1866-1936. | |
| 245 | 1 | 0 | |a Θεϊκά λόγια / |c Ραμόν ντελ Βαλλιέ Ινκλάν ; μετάφραση Ιουλίας Ιατρίδη. |
| 260 | |a Αθήνα : |b Δωδώνη, |c [19--]. | ||
| 300 | |a 158, [6] σ. : |b εικ. ; |c 21 εκ. | ||
| 490 | 1 | |a (Παγκόσμιο θέατρο / Δωδώνη |v ; 13) | |
| 500 | |a Τίτλος πρωτοτύπου: Divinas Palabras. | ||
| 650 | 0 | 0 | |a Spanish drama. |
| 700 | 1 | |a Ιατρίδη, Ιουλία, |e trlf | |
| 830 | 0 | |a Παγκόσμιο θέατρο (Εκδόσεις Δωδώνη) |v 13 | |
| 852 | |a INST |b SAMOS |e 20120112 |h 862 VAL |p 005300034181 |q 005300034181 |t BK |y 0 | ||
| 901 | |a BIBL3-2011-2 | ||
| 909 | |a Σ |b 171743 | ||
| 970 | |a ΓΟΥΒΑΛΑ |b ΒΑΣΩ |z 2012/01/12 | ||